000 00359nam a2200133Ia 4500
008 151001s9999||||xx |||||||||||||| ||und||
100 _a मंथन
245 _aप्रज्ञाशोध परीक्षा ई. ३ री
250 _a4
260 _b"मंथन ,अमरावती"
260 _c2023
300 _a384
365 _b21
999 _c999366
_d999363